Statistics for Guess the Taylor Swift Song by First Lyric (Speak Now TV)

Click here to take the quiz!

General Stats

  • This quiz has been taken 42 times
  • The average score is 18 of 22

Answer Stats

HintAnswer% Correct
You were in college, working part-time waiting tables, Left a small town, never looked backMine
97%
The story starts when it was hot and it was summer, And, I had it all I had him right there where I wanted himBetter Than Revenge
94%
There I was again tonight, Forcing laughter, faking smiles, Same old tired, lonely placeEnchanted
94%
I said remember this moment, In the back of my mind, The time we stood with our shaking handsLong Live
91%
You, with your words like knives, And swords and weapons that you use against meMean
88%
I am not the kind of girl, Who should be rudely barging in on a white-veil occasionSpeak Now
88%
I'm so glad you made time to see me, How's life? Tell me, how's your family?, I haven't seen them in a whileBack to December
84%
Long were the nights when, My days once revolved around you, Counting my footstepsDear John
84%
You and I walk a fragile line, I have known it all this time, But I never thought I'd live to see it breakHaunted
84%
My cards are on the table, yours are in your hand, Chances are, tonight, you've already got plansFoolish One
81%
You brush past me in the hallway, And you don't think I, I, I can see ya, do ya?, I've been watchin' you for agesI Can See You
81%
Your little hand's wrapped around my finger, And it's so quiet in the world tonight, Your little eyelids flutter 'cause you're dreamin'Never Grow Up
81%
The way you move is like a full on rainstorm, And I'm a house of cards, You're the kind of reckless that should send me runningSparks Fly
81%
I used to think one day we'd tell, How we met and the sparks flew instantly, And people would say, "They're the lucky ones"The Story of us
81%
Down the block, there's an antique shop, And something in my head said, "Stop, " so I walked inTimeless
81%
Once, I had an empire in a golden age, I was held up so high, I used to be great, They used to cheer when they saw my faceCastles Crumbling
78%
I guess you really did it this time, Left yourself in your warpath, Lost your balance on a tightropeInnocent
78%
Elevator buttons and morning air, Strangers' silence makes me wanna take the stairsOurs
78%
I still remember the look on your face, Lit through the darkness at 1:58, The words that you whispered for just us to knowLast Kiss
75%
Tall, dark, He puts papers in his briefcase and drives away, To save the world or go to workSuperman
75%
She paces the floor, Closes the blinds and locks the door, she calls up her mom, Jokes about the ways that this one could go wrongWhen Emma Falls in Love
72%
Just breathe, just relax, it'll be okay, Just an hour 'til your car's in the driveway, Just the first time ever hangin' out with you tonightElectric Touch
69%

Score Distribution

Percentile by Number Answered

Percent of People with Each Score

Your Score History

You have not taken this quiz